[Event "CZE-chT3A Middle 0506  "]
[Site "Czech Republic"]
[Date "2005.11.27"]
[Round "3.8"]
[White "Konvalinka, Vladislav"]
[Black "Reznicek, Jiri"]
[Result "1-0"]
[WhiteElo "1896"]
[BlackElo "1751"]
[PlyCount "71"]
[EventDate "2005.10.30"]
[EventType "team"]
[EventRounds "11"]
[EventCountry "CZE"]
[SourceTitle "EXT 2009"]
[Source "ChessBase"]
[SourceDate "2008.11.26"]
[SourceVersion "1"]
[SourceVersionDate "2008.11.26"]
[SourceQuality "1"]

1. d4 Nf6 2. c4 c5 3. d5 d6 4. Nc3 e6 5. e4 exd5 6. cxd5 a6 7. a4 g6 8. f4 Bg7 9. Nf3 0-0 10. Bd3 Bg4 11. 0-0 Qb6 12. Kh1 Nh5 13. Qc2 Nd7 14. Be3 Rae8 15. a5 Qd8 16. Qf2 Qc7 17. Nd2 f5 18. h3 fxe4 19. hxg4 exd3 20. gxh5 Qd8 21. Nc4 Nf6 22. hxg6 hxg6 23. g3 Kf7 24. Kg2 Rh8 25. Rh1 Qe7 26. Qf3 Rh5 27. Rxh5 Nxh5 28. Re1 Bd4 29. f5 Qf6 30. fxg6+ Kxg6 31. Qxf6+ Nxf6 32. Bd2 Rxe1 33. Bxe1 Ng4 34. Kf3 Ne5+ 35. Nxe5+ dxe5 36. Ke4 1-0